Normal view MARC view
  • Catalán, Ramiro

Entry Nombre Personal

Number of records used in: 1

001 - NUMERO DE CONTROL

  • campo de control: 58767

003 - IDENTIFICADOR DE NUMERO DE CONTROL

  • campo de control: DLC

005 - FECHA Y HORA DE LA ÜLTIMA TRANSACCIÓN

  • campo de control: 20260213095845.0

008 - DATOS DE LONGITUD FIJA

  • campo de control de longitud fija: 030813n| acannaabn |a aaa c

010 ## - NÚMERO DE CONTROL DE LA BIBLIOTECA DEL CONGRESO

  • Número de control LC: nr2003026379

040 ## - FUENTE DE CATALOGACIÓN

  • Agencia original de catalogación: NjR
  • Lenguaje de catalogación: spa
  • Agencia de transcripción: NjR
  • Agencia que lo modifica: MX-MxUPN

100 1# - ENCABEZAMIENTO - NOMBRE PERSONAL

  • Nombre personal: Catalán, Ramiro

371 ## - DIRECCIÓN

  • Electronic mail address: ramirocatalan@udec.cl

373 ## - GRUPO ASOCIADO

  • Associated group: Universidad de Concepción
  • Fuente del término: naf

377 ## - LENGUA ASOCIADA

  • Language code: spa

400 1# - VEÁSE - NOMBRE DE PERSONA

  • Personal name: Catalán Pesce, Ramiro

400 1# - VEÁSE - NOMBRE DE PERSONA

  • Personal name: Catalán P., Ramiro
  • Fuller form of name: (Catalán Pesce)

670 ## - FUENTE EN LA QUE SE LOCALIZARON DATOS

  • Cita de la fuente: Memoria, tradición y modernidad en Chile, 2001:
  • Información localizada: portada (Ramiro Catalán) p. 5 (Ramiro Catalán Pesce, anthropologist, Universidad de Chile) p. 257 (Ramiro Catalán P.)

670 ## - FUENTE EN LA QUE SE LOCALIZARON DATOS

  • Cita de la fuente: Estudios pedagógicos, vol. 51, no 2 (2025):
  • Información localizada: página 237 (Ramiro Catalán Pesce; Universidad de Concepción, Chile; ramirocatalan@udec.cl)

902 ## - CATALOGADOR

  • Catalogador: Víctor Ruiz/130226